[Event "Cto. Navarra Absoluto por Equipos 2018"]
[Site "?"]
[Date "2018.11.17"]
[Round "6"]
[White "Laseca Arana, Irati"]
[Black "Lizarraga Rivas, Daniel"]
[Result "1-0"]
[EventDate "2018.10.13"]
[WhiteElo "1792"]
[BlackElo "1622"]

1.b3 f5 2.Nf3 Nf6 3.Bb2 e6 4.c4 b6 5.Nc3 Bb7 6.e3 Bb4 7.a3 Bxc3 8.Bxc3 d6 9.Be2
Nbd7 10.b4 Qe7 11.d3 Rd8 12.Qb3 c5 13.a4 h6 14.h4 d5 15.a5 dxc4 16.Qxc4 Nd5
17.bxc5 Nxc3 18.Qxc3 bxc5 19.h5 Qf6 20.Rc1 O-O 21.Qxf6 gxf6 22.O-O Rb8 23.Bd1
Rfc8 24.Ba4 Bc6 25.Bxc6 Rxc6 26.Rb1 Rxb1 27.Rxb1 Ra6 28.Rb5 Rd6 29.d4 a6 30.Rb7
e5 31.dxe5 fxe5 32.Kf1 Kf8 33.Nh4 f4 34.exf4 e4 35.Nf5 Rd5 36.g4 c4 37.Rc7 Nc5
38.Ne3 Rd2 39.Rxc5 Ra2 40.Nxc4 Ra4 41.Ke2 Ke7 42.Ke3 Ra2 43.Re5 Kd7 44.Rxe4 Kc6
45.Re5 1-0

[Event "Cto. Navarra Absoluto por Equipos 2018"]
[Site "?"]
[Date "2018.11.17"]
[Round "6"]
[White "Tunon Gonzalo, Eduardo"]
[Black "Abrisqueta Zudaire, Leyre"]
[Result "0-1"]
[EventDate "2018.10.13"]
[WhiteElo "1620"]
[BlackElo "1726"]

1.c4 b6 2.Nf3 Bb7 3.g3 Nf6 4.Bg2 e6 5.O-O d5 6.b3 Be7 7.Bb2 c5 8.e3 Nc6 9.Nc3
O-O 10.Ne2 Qc7 11.d4 cxd4 12.Nexd4 dxc4 13.bxc4 Nxd4 14.Qxd4 Rfd8 15.Qc3 Rac8
16.Rac1 Be4 17.Nd4 Bxg2 18.Kxg2 Qb7 19.Kg1 Ne4 20.Qc2 Ng5 21.f3 Bf6 22.Qg2 e5
23.Nf5 Qd7 24.g4 Qd3 25.h4 Ne6 26.g5 Qxf5 27.gxf6 Qxf6 28.Qg3 Qg6 29.Bxe5 Rd3
30.Rfe1 Rd2 31.Qxg6 hxg6 32.a3 Rc5 33.Bd6 Rxd6 0-1

[Event "Cto. Navarra Absoluto por Equipos 2018"]
[Site "?"]
[Date "2018.11.17"]
[Round "6"]
[White "Atipov Hadzhiev, Cristian"]
[Black "Arbeloa Sanchez, Julen"]
[Result "1-0"]
[EventDate "2018.10.13"]
[WhiteElo "1726"]
[BlackElo "1347"]

1.e4 d5 2.exd5 Qxd5 3.Nc3 Qa5 4.Bc4 Nf6 5.d3 c6 6.Bd2 Qc7 7.h3 Nbd7 8.Qe2 Nb6
9.Bb3 e6 10.Nf3 Bd6 11.O-O-O Bd7 12.d4 O-O-O 13.Ne5 Bxe5 14.dxe5 Nfd5 15.f4 Nxc3
16.Bxc3 Nd5 17.Bxd5 exd5 18.g4 Rde8 19.Qf2 Rhf8 20.Bb4 Rg8 21.Qxa7 b6 22.Qa3 c5
23.Qa8 Qb8 24.Qxd5 Rd8 25.Bc3 Rgf8 26.Qe4 Qa7 27.a3 b5 28.Qe3 Kb8 29.Rd6 b4
30.Bxb4 cxb4 31.Qxa7 Kxa7 32.Rhd1 bxa3 33.Rxd7 Kb6 34.R1d6 Kb5 35.c4 Kxc4 36.b3
Kc5 37.Rxd8 a2 38.Kb2 1-0

[Event "Cto. Navarra Absoluto por Equipos 2018"]
[Site "?"]
[Date "2018.11.24"]
[Round "7"]
[White "Del Carmen Hernandez, Aimer"]
[Black "Lerendegui Lasa, Odei"]
[Result "1-0"]
[EventDate "2018.10.13"]
[WhiteElo "1901"]
[BlackElo "2121"]

1.d4 Nf6 2.c4 g6 3.Nc3 Bg7 4.e4 d6 5.Bg5 O-O 6.Qd2 a6 7.Nf3 Bd7 8.Bd3 b5 9.O-O
Bg4 10.Ne1 b4 11.Nd1 Bxd1 12.Rxd1 Nc6 13.Nf3 e5 14.d5 Ne7 15.Qxb4 Nd7 16.Qd2 a5
17.Bc2 Nc5 18.b3 Qd7 19.Be3 Na6 20.Bb1 Rfb8 21.Ne1 a4 22.Qc3 f5 23.f3 f4 24.Bf2
g5 25.Kh1 h5 26.Rg1 axb3 27.axb3 g4 28.g3 Ng6 29.Ng2 Nc5 30.Bc2 Ra2 31.Ra1 Rxc2
32.Qxc2 gxf3 33.Ne1 fxg3 34.Rxg3 Nf4 35.Bxc5 dxc5 36.Nxf3 h4 37.Nxe5 Qd6 38.Rg5
Nh3 39.Rxg7 Kxg7 40.Qg2 Kh7 41.Qxh3 Qxe5 42.Qxh4 Kg8 43.Rg1 Kf8 44.Qh6 Ke8
45.Rg8 Kd7 46.Qh7 Qe7 47.Qxe7 Kxe7 48.Rxb8 1-0

[Event "Cto. Navarra Absoluto por Equipos 2018"]
[Site "?"]
[Date "2018.11.24"]
[Round "7"]
[White "Martinez Ayesa, Aitor"]
[Black "Habans Aguerrea, Javier"]
[Result "0-1"]
[EventDate "2018.10.13"]
[WhiteElo "2001"]
[BlackElo "1892"]

1.Nf3 d5 2.c4 d4 3.e3 Nc6 4.exd4 Nxd4 5.Nxd4 Qxd4 6.Nc3 c6 7.d3 g6 8.Be3 Qd8
9.d4 Nh6 10.Be2 Nf5 11.Qd2 Bg7 12.Rd1 O-O 13.O-O Nxe3 14.Qxe3 Qc7 15.Bf3 Rd8
16.d5 Bxc3 17.Qxc3 cxd5 18.Bxd5 Bd7 19.Qb4 Bc6 20.Bxc6 bxc6 21.Qc5 Rxd1 22.Rxd1
Rd8 23.Rxd8 Qxd8 24.g3 Qd1 25.Kg2 Qd7 26.b4 Kf8 27.a4 Qb7 28.Kg1 h5 29.b5 cxb5
30.cxb5 Qe4 31.Qxa7 h4 32.Qb8 Kg7 33.Qf4 Qe1 34.Kg2 h3 35.Kxh3 Qf1 36.Kg4 Qe2
37.Kh3 Qf1 38.Kg4 Qe2 39.Qf3 f5 40.Kf4 e5 0-1

[Event "Cto. Navarra Absoluto por Equipos 2018"]
[Site "?"]
[Date "2018.11.24"]
[Round "7"]
[White "Pascual Garcia, Martin"]
[Black "Anguas Fanlo, Sergio"]
[Result "0-1"]
[EventDate "2018.10.13"]
[WhiteElo "1856"]
[BlackElo "1983"]

1.e4 b6 2.d4 e6 3.Bd3 Ba6 4.Nf3 d5 5.e5 c5 6.c3 Qc8 7.O-O Bxd3 8.Qxd3 Qa6 9.Qd1
Nc6 10.a3 Nge7 11.Be3 Nf5 12.Nbd2 Be7 13.b4 O-O 14.Nb3 cxd4 15.Nbxd4 Ncxd4
16.Nxd4 Nxd4 17.Bxd4 Qc4 18.f4 b5 19.f5 exf5 20.Rxf5 a5 21.Rf4 axb4 22.axb4 Qc6
23.Rxa8 Rxa8 24.h3 Rf8 25.Qg4 Qe6 26.Qh5 Bd8 27.Qg4 Bc7 28.Qf5 Re8 29.Qxe6 Rxe6
30.Rf1 Bxe5 31.Bxe5 Rxe5 32.Ra1 h5 33.Ra8 Kh7 34.Rb8 d4 35.cxd4 Rd5 36.Kf2 Kg6
37.Ke3 Rg5 38.Kf3 Rd5 39.Ke4 Rg5 40.d5 Rxg2 41.Rxb5 f5 42.Kf4 Rf2 43.Kg3 Rd2
44.Rc5 Kf6 45.b5 g5 46.Rc6 Ke5 47.b6 Rxd5 48.Rh6 h4 49.Kg2 Rb5 50.Rc6 Rb4 51.Rg6
Kf4 52.Rc6 g4 53.hxg4 fxg4 54.Rf6 Kg5 55.Rc6 Rb2 56.Kg1 g3 57.Rc5 Kg4 58.Rc4 Kh3
59.Rc1 Rxb6 60.Kh1 Rb4 61.Kg1 Kg4 62.Rd1 h3 63.Kh1 h2 64.Ra1 Kh3 0-1

[Event "Cto. Navarra Absoluto por Equipos 2018"]
[Site "?"]
[Date "2018.11.24"]
[Round "7"]
[White "Pedchenko Zhilkov, Alexandr"]
[Black "Abrisqueta Zudaire, Leyre"]
[Result "1/2-1/2"]
[EventDate "2018.10.13"]
[WhiteElo "1907"]
[BlackElo "1726"]

1.d4 Nf6 2.Nf3 c5 3.g3 cxd4 4.Nxd4 d5 5.Bg2 e5 6.Nb3 Be6 7.O-O Be7 8.e3 Nc6 9.f4
Qd7 10.Nc3 e4 11.Nb5 Rc8 12.N5d4 Bg4 13.Qe1 Nxd4 14.Nxd4 Bc5 15.c3 Bxd4 16.cxd4
O-O 17.Bd2 Rc4 18.Bc3 b5 19.a3 Qf5 20.Rc1 Nd7 21.Qd2 Nb6 22.b3 Rcc8 23.Bb4 Rfe8
24.Bc5 Qe6 25.Qa5 Nd7 26.Qxb5 Rb8 27.Qa4 a6 28.b4 Be2 29.Rfe1 Bc4 30.Bf1 Nxc5
31.dxc5 Bxf1 32.Rxf1 Rbc8 33.Rcd1 Red8 34.Rd4 h5 35.Qd1 Qf5 36.Qe2 Rc6 37.Qg2
Rg6 38.h3 Rc6 39.Kh2 Rc7 40.Rfd1 Rcd7 41.Qe2 Qg6 42.a4 Qc6 43.Qc2 Rb8 44.Rb1
Rdb7 45.Qa2 Rd8 46.Rb2 Kh7 47.Rbd2 Rbd7 48.Qb3 Kg8 49.Rb2 Rb8 50.Qd1 g6 51.Qc2
Rdb7 52.g4 hxg4 53.hxg4 Kg7 54.Kg3 Rh8 55.Qc3 f6 56.Rdd2 Rd7 57.Qb3 Rhd8 58.Rh2
Rh8 59.Rxh8 Kxh8 60.Rd2 Kg7 61.Rh2 d4 62.Qd1 dxe3 63.Qh1 Kf7 64.Rh7 Ke6 65.f5
gxf5 66.gxf5 Ke5 67.Qa1 Kxf5 68.Qf1 Kg6 69.Rxd7 Qxd7 70.Qxa6 Qd2 71.Qa8 Qf2
72.Kg4 Qf3 73.Kh4 Qf4 74.Kh3 Qf5 75.Kh4 Qh5 76.Kg3 Qf3 77.Kh4 Qf4 78.Kh3 Qf5
79.Kh4 Qf2 80.Kg4 f5 81.Kh3 Qf1 82.Kh4 Qh1 83.Kg3 Qg1 84.Kf4 Qg5 85.Ke5 f4
86.Ke6 Qf6 87.Kd5 Qf5 88.Kd6 Qf6 89.Kd5 Qf5 90.Kd6 e2 91.Qg8 Kh5 92.Qh8 Kg4
93.Qg7 Kf3 94.Qg1 Qf6 95.Kd7 Qh4 1/2-1/2

[Event "Cto. Navarra Absoluto por Equipos 2018"]
[Site "?"]
[Date "2018.11.24"]
[Round "7"]
[White "Atipov Hadzhiev, Cristian"]
[Black "Vilchez Gonzalez, Angel"]
[Result "0-1"]
[EventDate "2018.10.13"]
[WhiteElo "1726"]
[BlackElo "1914"]

1.e4 e6 2.d4 d5 3.Nd2 dxe4 4.Nxe4 Bd7 5.Nf3 Bc6 6.Bd3 Be7 7.Qe2 Nf6 8.Bf4 Nbd7
9.c3 Nxe4 10.Bxe4 Bxe4 11.Qxe4 c6 12.O-O Nf6 13.Qe2 Nd5 14.Bg3 O-O 15.c4 Nf6
16.a3 Nh5 17.Be5 Bd6 18.b4 Qd7 19.g3 a5 20.Ng5 Nf6 21.Bxf6 gxf6 22.Ne4 Be7
23.Qb2 Rfd8 24.Rad1 axb4 25.axb4 b6 26.c5 f5 27.Nc3 Bf6 28.Ne2 bxc5 29.bxc5 Qd5
30.Nf4 Qxc5 31.dxc5 Bxb2 32.Rxd8 Rxd8 33.Rb1 Bd4 34.Rb6 Rc8 35.Nd3 e5 36.Rb4 Ra8
37.Rc4 Ra3 38.Nc1 Rc3 39.Rxc3 Bxc3 40.Nb3 Kf8 41.Kf1 Ke7 42.Ke2 Ke6 43.Kd3 Be1
44.f3 Kd5 45.Na1 Bf2 46.Nc2 Bxc5 47.Ne1 Bg1 48.h3 Bf2 49.Nc2 e4 50.Ke2 Bxg3
51.Ne3 Ke5 52.fxe4 fxe4 53.Ng4 Kd4 54.Nh6 Bf4 55.Nxf7 c5 56.Nd8 c4 57.Ne6 Ke5
58.Nc5 c3 59.Kd1 e3 60.Nd3 Ke4 61.Ke2 Bd6 62.Ne1 Bg3 63.Nc2 Bf4 64.Ne1 Kd4
65.Kd1 Kc4 66.Ke2 h6 67.Kd1 Bg3 68.Nc2 Bf2 69.Ke2 Kb3 70.Nd4 Kc4 71.Nc2 Bg1
72.Ne1 Kd4 73.Nc2 Ke4 74.Ne1 Kf4 75.Kd3 Kg3 76.Kxc3 Kxh3 77.Kd3 Kg3 78.Ke2 Bf2
79.Nd3 h5 80.Kf1 h4 81.Nc1 h3 82.Ne2 Kf3 83.Nd4 Ke4 84.Ne2 Kd3 85.Nc1 Kd2 86.Nb3
Kc2 87.Nd4 Kd3 88.Nf3 Bg3 89.Kg1 h2 90.Kg2 e2 91.Kh1 Ke3 92.Kg2 Bh4 93.Kh1 Kxf3
0-1

[Event "Cto. Navarra Absoluto por Equipos 2018"]
[Site "?"]
[Date "2018.11.24"]
[Round "7"]
[White "Salvatierra Alzorriz, Haizea"]
[Black "Mugica Arratibel, Daniel"]
[Result "0-1"]
[EventDate "2018.10.13"]
[WhiteElo "1687"]
[BlackElo "1642"]

1.e4 c5 2.c3 d5 3.exd5 Qxd5 4.d4 Nc6 5.Nf3 Bg4 6.Be2 e6 7.Be3 cxd4 8.cxd4 Bb4
9.Nc3 Nf6 10.O-O Bxc3 11.bxc3 O-O 12.c4 Qd7 13.h3 Bh5 14.Rb1 Rfd8 15.Qb3 b6
16.Rfd1 Rac8 17.Qb5 h6 18.Qb2 Bxf3 19.Bxf3 Na5 20.c5 Nc4 21.Qc3 Nxe3 22.Qxe3 Nd5
23.Qa3 bxc5 24.dxc5 Qc7 25.Rbc1 Ne7 26.Rxd8 Rxd8 27.Rb1 Nd5 28.Rc1 Rc8 29.Be2
Nf4 30.Bf3 Rd8 31.Rb1 Rd3 32.Qa4 Qe5 33.Be4 Rd8 34.c6 Ne2 35.Kf1 Nc3 36.Qxa7
Nxb1 37.c7 Nd2 38.Kg1 Rc8 0-1

[Event "Cto. Navarra Absoluto por Equipos 2018"]
[Site "?"]
[Date "2018.11.24"]
[Round "7"]
[White "Insausti Goni, Sebastian"]
[Black "Argaya Urdaniz, Miguel"]
[Result "0-1"]
[EventDate "2018.10.13"]
[WhiteElo "1845"]
[BlackElo "1928"]

1.e4 d5 2.exd5 Nf6 3.Bb5 Bd7 4.Be2 Nxd5 5.Nf3 Nc6 6.d4 Bf5 7.O-O e6 8.c4 Ndb4
9.Na3 Be7 10.Be3 O-O 11.Ne5 Nxe5 12.dxe5 Nd3 13.Qb3 Nxe5 14.Rfd1 Qc8 15.Nb5 a6
16.Nc3 Ng4 17.Bxg4 Bxg4 18.f3 Bf5 19.Rd2 b6 20.Rad1 Rd8 21.Ne2 Rxd2 22.Rxd2 e5
23.Qd1 Be6 24.c5 Bxc5 25.Bxc5 bxc5 26.Rd8 0-1

[Event "Cto. Navarra Absoluto por Equipos 2018"]
[Site "?"]
[Date "2018.11.24"]
[Round "7"]
[White "Sanchez Salazar, Kiko"]
[Black "Flores Lazcoz, Jose Luis"]
[Result "1-0"]
[EventDate "2018.10.13"]
[WhiteElo "1878"]
[BlackElo "1727"]

1.e4 c6 2.d3 d5 3.Nd2 e5 4.Ngf3 Bd6 5.g3 Nf6 6.Bg2 O-O 7.O-O Qc7 8.Re1 Bg4 9.h3
Bh5 10.g4 Bg6 11.Nh4 Nbd7 12.Nf1 h6 13.Ng3 dxe4 14.dxe4 Nc5 15.Nhf5 Rad8 16.Bxh6
gxh6 17.Nxh6 Kh7 18.g5 Nh5 19.Nxh5 1-0

[Event "Cto. Navarra Absoluto por Equipos 2018"]
[Site "?"]
[Date "2018.11.24"]
[Round "7"]
[White "Arana Oloron, Roberto"]
[Black "Tunon Gonzalo, Eduardo"]
[Result "1/2-1/2"]
[EventDate "2018.10.13"]
[WhiteElo "1691"]
[BlackElo "1620"]

1.e4 e6 2.d4 d5 3.exd5 exd5 4.c4 Nf6 5.Nf3 Bg4 6.Qb3 Qe7 7.Ne5 Qb4 8.Nc3 Qxb3
9.axb3 Be6 10.Nb5 Kd8 11.c5 Nfd7 12.Bf4 Nxe5 13.Bxe5 Na6 14.Rxa6 bxa6 15.Nxc7
Rc8 16.Nxe6 fxe6 17.Bxa6 Rc7 18.Bxc7 Kxc7 19.Kd2 Be7 20.Re1 Rf8 21.f3 Bf6 22.Kc3
Re8 23.f4 Re7 24.b4 g5 25.Rf1 gxf4 26.Rxf4 Bg7 27.Rh4 Bf6 28.Rg4 Rg7 29.Rxg7
Bxg7 30.Bd3 h6 31.g3 Bf6 32.b3 Bg7 33.b5 Bf6 34.Bg6 Bd8 35.Be8 Bf6 36.h4 Bd8
37.Kd3 Bf6 38.Ke3 Kd8 39.Bf7 Kd7 40.Bg8 Bg7 41.b6 axb6 42.cxb6 e5 43.Bxd5 exd4
44.Ke4 Kd6 45.b7 Kc7 46.b4 Kb8 47.Kd3 Be5 48.g4 Bf6 49.h5 Bg5 1/2-1/2

[Event "Cto. Navarra Absoluto por Equipos 2018"]
[Site "?"]
[Date "2018.11.24"]
[Round "7"]
[White "Uriz Elizalde, Jesus"]
[Black "Otano Villanueva, Joseba"]
[Result "0-1"]
[EventDate "2018.10.13"]
[WhiteElo "1537"]
[BlackElo "1686"]

1.e4 d5 2.exd5 Qxd5 3.Nc3 Qa5 4.Nf3 Bg4 5.h3 Bh5 6.g4 Bg6 7.Bg2 c6 8.d4 e6 9.a3
Bd6 10.Bd2 Qc7 11.Nh4 Ne7 12.Nxg6 Nxg6 13.Be4 Nd7 14.Qe2 Nf4 15.Bxf4 Bxf4 16.d5
O-O 17.dxc6 bxc6 18.O-O Rab8 19.Rab1 Nf6 20.Bd3 Qa5 21.Ne4 Nd5 22.c4 Ne7 23.Ng3
g6 24.Qe4 Qc7 25.Nh5 Be5 26.Rfe1 Bh8 27.b4 Rfd8 28.Ng3 Rd7 29.Red1 Rbd8 30.Be2
Nc8 31.Rxd7 Rxd7 32.Bf3 Ne7 33.Rd1 Bb2 34.Rd3 e5 35.Qe2 Bd4 36.Ne4 Kg7 37.Qd1 f5
38.gxf5 Nxf5 39.Nc5 Re7 40.Ne4 h6 41.Bg2 Rf7 42.Qg4 Ne7 43.Rf3 Rf5 44.Rxf5 Nxf5
45.Qe2 Qc8 46.Nc5 Qe8 47.Nd3 Kf6 48.Kf1 Qe6 49.Qe4 Ne7 50.Qf3 Kg7 51.c5 Qb3
52.Nxe5 Qb1 53.Ke2 Bxe5 54.Qe3 Qb2 55.Kf1 Qd4 56.Qe1 Qa1 0-1

[Event "Cto. Navarra Absoluto por Equipos 2018"]
[Site "?"]
[Date "2018.11.24"]
[Round "7"]
[White "Vigor Iriarte, Unai"]
[Black "Lopez Garcia, Manu"]
[Result "1/2-1/2"]
[EventDate "2018.10.13"]
[WhiteElo "1561"]
[BlackElo "1475"]

1.d4 Nf6 2.Nf3 e6 3.g3 d5 4.Bg2 Be7 5.O-O O-O 6.Re1 Nbd7 7.c3 c5 8.e3 Qc7 9.Nbd2
Rd8 10.e4 dxe4 11.Nxe4 Nxe4 12.Rxe4 Nf6 13.Bf4 Bd6 14.Bxd6 Qxd6 15.Re1 cxd4
16.Nxd4 Qb6 17.Qb3 Qxb3 18.Nxb3 Rb8 19.Rad1 Bd7 20.Nc5 b6 21.Nxd7 Nxd7 22.Rd2
Nc5 23.Red1 Rxd2 24.Rxd2 Kf8 25.Kf1 Ke7 26.Ke2 Rc8 1/2-1/2

[Event "Cto. Navarra Absoluto por Equipos 2018"]
[Site "?"]
[Date "2018.11.24"]
[Round "7"]
[White "Adrian Abad, Miguel"]
[Black "Ruiz Jaso, Zigor"]
[Result "0-1"]
[EventDate "2018.10.13"]
[WhiteElo "1409"]
[BlackElo "1205"]

1.d4 f5 2.Nf3 e6 3.c4 c6 4.Nc3 d5 5.e3 Bd6 6.c5 Bc7 7.b4 a6 8.Bd3 Nf6 9.a4 O-O
10.Bd2 Qe7 11.b5 axb5 12.axb5 Rxa1 13.Qxa1 Nbd7 14.b6 Bb8 15.Ne5 Nxe5 16.dxe5
Bxe5 17.f4 Bxc3 18.Qxc3 Ne4 19.Bxe4 fxe4 20.O-O Rf6 21.Qe5 Qxc5 22.Qc7 Qf8
23.Bb4 Qe8 24.Ra1 Rf7 25.Qb8 Rd7 26.Ra8 Rd8 27.Bd6 Qd7 28.Bc7 Re8 29.Ra7 d4
30.exd4 Qxd4 31.Kf1 Qd3 32.Ke1 e3 33.Ra2 Qb1 34.Ke2 Qxa2 35.Kxe3 Qxg2 36.Be5 Qg1
37.Ke4 Qxb6 38.Bd4 Qb1 39.Ke3 Qb3 40.Ke4 Qd5 41.Ke3 Rd8 42.Ba1 Qb3 43.Ke4 Qb1
0-1

[Event "Cto. Navarra Absoluto por Equipos 2018"]
[Site "?"]
[Date "2018.11.24"]
[Round "7"]
[White "Lasa Garcia, Javier"]
[Black "Soler Huguet, Carlos Francisco"]
[Result "1-0"]
[EventDate "2018.10.13"]
[WhiteElo "1699"]
[BlackElo "1749"]

1.d4 d5 2.Nf3 g6 3.Bf4 Bg7 4.Nc3 c6 5.Qd2 Nf6 6.Bh6 O-O 7.Bxg7 Kxg7 8.h3 h5
9.Ne5 Nbd7 10.O-O-O Rh8 11.g3 Qc7 12.f4 Nb6 13.Bg2 Nfd7 14.b3 Qd6 15.g4 Qa3
16.Kb1 Nxe5 17.dxe5 hxg4 18.hxg4 Bxg4 19.Qd4 e6 20.Rdg1 c5 21.Qd2 d4 22.Nb5 Qb4
23.Qxb4 cxb4 24.Bxb7 Rxh1 25.Bxh1 Rh8 26.Nxd4 Nd5 27.Bxd5 Rd8 28.Rxg4 Rxd5 29.e3
Rd8 30.Nc6 Rd1 31.Kb2 Re1 32.Rg3 Kh6 33.Nxb4 Kh5 34.Nd3 Re2 35.Rh3 Kg4 36.Rh7
1-0

[Event "Cto. Navarra Absoluto por Equipos 2018"]
[Site "?"]
[Date "2018.11.24"]
[Round "7"]
[White "Rodes Martinez, Francisco Javier"]
[Black "Moral Barragan, Diego"]
[Result "0-1"]
[EventDate "2018.10.13"]
[WhiteElo "1654"]
[BlackElo "1633"]

1.b3 b6 2.Bb2 Bb7 3.e3 c5 4.Nf3 Nf6 5.Be2 d5 6.O-O Nbd7 7.d3 Qc7 8.Nbd2 e5 9.h3
Be7 10.Nh2 O-O 11.Ng4 Nxg4 12.Bxg4 f5 13.Be2 f4 14.Bg4 Rad8 15.Be6 Kh8 16.Bxd7
Rxd7 17.Qg4 Rf6 18.Rae1 Bd6 19.Qh5 Rdf7 20.exf4 Rf5 21.Qd1 Rxf4 22.Qh5 R4f5
23.Qg4 Bc8 24.Qd1 R5f6 25.c4 d4 26.Ne4 Rg6 27.Bc1 Rf8 28.Kh2 Qe7 29.h4 Qxh4
30.Kg1 Bh3 31.Ng3 Bg4 32.Re4 Bxd1 33.Rxh4 Bc2 34.Ne4 Bxd3 35.Nxd6 Bxf1 36.Kxf1
Rxd6 37.Re4 Re6 38.Bd2 Rfe8 39.Ke2 Kg8 40.Kd3 Kf7 41.a3 Rg6 42.g3 Rf6 43.Be1 Rf3
44.Kc2 Ke6 45.Rg4 g6 46.Rh4 h5 47.Rh2 e4 48.Rh4 Kf5 49.Rh2 e3 50.fxe3 Rexe3 0-1

[Event "Cto. Navarra Absoluto por Equipos 2018"]
[Site "?"]
[Date "2018.11.24"]
[Round "7"]
[White "Duran Fernandez, Emilio"]
[Black "Marques Jalle, Jose Antonio"]
[Result "0-1"]
[EventDate "2018.10.13"]
[WhiteElo "1631"]
[BlackElo "1619"]

1.Nf3 d5 2.d4 Nf6 3.c4 e6 4.Bg5 Be7 5.e3 O-O 6.Bd3 c5 7.O-O Nc6 8.Nc3 a6 9.Rc1
dxc4 10.Bxc4 cxd4 11.Nxd4 Nxd4 12.exd4 b5 13.Bb3 Bb7 14.h3 Rc8 15.Re1 Re8 16.Re3
Nd5 17.Nxd5 Bxg5 18.Rxc8 Qxc8 19.Rc3 Qd8 20.Ne3 Bf6 21.Qg4 Qxd4 22.Qe2 Rd8
23.Rc7 Be4 24.Ng4 Bg5 25.Ne3 Bf4 26.Qg4 Bxc7 0-1

[Event "Cto. Navarra Absoluto por Equipos 2018"]
[Site "?"]
[Date "2018.11.24"]
[Round "7"]
[White "Sola Garate, Roberto"]
[Black "Donazar Garayoa, Miguel"]
[Result "0-1"]
[EventDate "2018.10.13"]
[WhiteElo "1465"]
[BlackElo "1585"]

1.d4 d5 2.Bf4 e6 3.e3 Bd6 4.Bxd6 Qxd6 5.f4 Qb4 6.Nc3 Qxb2 7.Nb5 Qb4 8.c3 Qa5
9.Qb3 a6 10.Na3 Nf6 11.Bd3 Nbd7 12.Nf3 c5 13.Qb2 O-O 14.O-O c4 15.Bc2 b5 16.Nb1
Rb8 17.a3 Qb6 18.Nbd2 Ne8 19.Kh1 Ndf6 20.Qb1 Nd6 21.Ne5 Rb7 22.Rf3 g6 23.Rh3 Kg7
24.Qe1 Rh8 25.Qh4 Qd8 26.Qh6 Kg8 27.Bxg6 fxg6 28.Nxg6 Rg7 29.Nxh8 Kxh8 30.Rg3
Nf5 31.Qh3 Nxg3 32.hxg3 Ng4 33.Qh5 Nxe3 34.Qe5 Ng4 35.Qh5 Bd7 36.Re1 Be8 37.Qh3
0-1

[Event "Cto. Navarra Absoluto por Equipos 2018"]
[Site "?"]
[Date "2018.11.24"]
[Round "7"]
[White "Perez-Seoane Garrido, Joaquin"]
[Black "Saez Mancho, Jose"]
[Result "0-1"]
[EventDate "2018.10.13"]
[WhiteElo "1520"]
[BlackElo "1406"]

1.e4 e5 2.Bc4 Nf6 3.d3 h6 4.Nf3 d6 5.h3 Nc6 6.c3 Na5 7.Nbd2 Nxc4 8.Nxc4 Be6
9.Na5 c6 10.b4 Qc7 11.O-O O-O-O 12.Be3 d5 13.Qc2 b6 14.Nb3 g5 15.g4 Be7 16.Nbd2
h5 17.Bxg5 hxg4 18.Bxf6 Bxf6 19.hxg4 Rdg8 20.Nh2 Bxg4 21.Kh1 Qd7 22.f3 Bh3
23.Rg1 Bg5 24.Ndf1 Bf4 25.Qf2 Rxg1 26.Qxg1 Bxf1 27.Qxf1 Rxh2 0-1

[Event "Cto. Navarra Absoluto por Equipos 2018"]
[Site "?"]
[Date "2018.11.24"]
[Round "7"]
[White "Garraza Obaldia, Esteban"]
[Black "Romano Garcia, Ivan"]
[Result "1-0"]
[EventDate "2018.10.13"]
[WhiteElo "1779"]
[BlackElo "1559"]

1.e4 c6 2.Nf3 d5 3.Nc3 dxe4 4.Nxe4 Bg4 5.h3 Bxf3 6.Qxf3 e6 7.c3 Be7 8.d4 Nf6
9.Bc4 O-O 10.O-O Nbd7 11.Ng3 Nd5 12.Bb3 Qc7 13.c4 N5f6 14.Re1 Nb6 15.Bf4 Qc8
16.Rac1 Qd7 17.Rcd1 Rfd8 18.Qe3 Bb4 19.Re2 Nc8 20.Bc2 b5 21.Be5 Be7 22.cxb5 cxb5
23.Bxf6 Bxf6 24.Qe4 Nd6 25.Qxh7 Kf8 26.d5 Qc7 27.dxe6 fxe6 28.Bb3 e5 29.Rxd6
Rxd6 30.Qg8 Ke7 31.Qxa8 Rc6 32.Nf5 1-0

[Event "Cto. Navarra Absoluto por Equipos 2018"]
[Site "?"]
[Date "2018.11.24"]
[Round "7"]
[White "Oliva Burgos, Ignacio"]
[Black "Sancinena Arpide, Juan"]
[Result "0-1"]
[EventDate "2018.10.13"]
[WhiteElo "1546"]
[BlackElo "1636"]

1.d4 d5 2.c4 e6 3.Nc3 Nf6 4.Bf4 Bd6 5.Bg3 O-O 6.e3 c5 7.Nf3 Nc6 8.Nb5 Bxg3
9.hxg3 a6 10.Nc3 cxd4 11.Nxd4 e5 12.Nf3 d4 13.Nd5 Nxd5 14.cxd5 Qxd5 15.Ng5 Bf5
16.Qh5 Bg6 17.Qh4 Qa5 18.Ke2 Qb5 19.Ke1 Qb4 20.Ke2 Qxb2 21.Kf3 e4 22.Kf4 Qxf2
0-1

[Event "Cto. Navarra Absoluto por Equipos 2018"]
[Site "?"]
[Date "2018.11.24"]
[Round "7"]
[White "Sanchez Martinez, Jose Maria"]
[Black "Santos Usua, Mikel"]
[Result "0-1"]
[EventDate "2018.10.13"]
[WhiteElo "1596"]
[BlackElo "1494"]

1.e4 e5 2.Nf3 Nc6 3.Nc3 Nf6 4.d3 h6 5.Be2 Bb4 6.a3 Ba5 7.b4 Bb6 8.Bb2 d6 9.Na4
O-O 10.Nxb6 axb6 11.O-O Nh7 12.Bc1 Nxb4 13.Bxh6 Nc6 14.Be3 f5 15.exf5 Bxf5 16.c3
d5 17.Qb3 Kh8 0-1

[Event "Cto. Navarra Absoluto por Equipos 2018"]
[Site "?"]
[Date "2018.11.24"]
[Round "7"]
[White "Fuentes Guinot, Angel"]
[Black "Ruiz Anton, Adolfo"]
[Result "1-0"]
[EventDate "2018.10.13"]
[WhiteElo "1446"]
[BlackElo "1532"]

1.d4 f5 2.Nf3 e6 3.c4 Nf6 4.Nc3 c6 5.Bf4 d5 6.e3 Nbd7 7.Bd3 Ne4 8.Ne5 Ndf6
9.Bxe4 fxe4 10.a3 Bd6 11.b4 O-O 12.c5 Bxe5 13.Bxe5 Bd7 14.a4 Be8 15.Bd6 Rf7
16.a5 Rd7 17.Be5 Bh5 18.Bxf6 Bxd1 19.Bxd8 Raxd8 20.Rxd1 g5 21.Ke2 Rf8 22.Rdf1 g4
23.f3 exf3 24.gxf3 Rg7 25.fxg4 Rxg4 26.Rhg1 1-0

[Event "Cto. Navarra Absoluto por Equipos 2018"]
[Site "?"]
[Date "2018.11.24"]
[Round "7"]
[White "Leone Amigot, Haymar"]
[Black "Navarro Barba, Maialen"]
[Result "1-0"]
[EventDate "2018.10.13"]
[WhiteElo "1394"]
[BlackElo "1149"]

1.e4 e5 2.Nf3 Nc6 3.d4 exd4 4.Nxd4 Bc5 5.Be3 Qf6 6.c3 Qe5 7.Qd3 Nf6 8.Nd2 Ng4
9.N2f3 Qf6 10.Nf5 Nxe3 11.Nxe3 O-O 12.Be2 Qg6 13.O-O d6 14.Nd5 Bh3 15.Nf4 Qg4
16.Nxh3 Rfe8 17.e5 dxe5 18.Qd5 Bb6 19.Nhg5 e4 20.Nd4 Qf4 21.g3 Qd2 22.Nxf7 Nxd4
23.Nh6 Kh8 24.Qg8 Rxg8 25.Nf7 1-0